La piqueta de la Reforma /

Descripción primordialmente arquitectónica de los principales conventos de la Ciudad de México que desaparecieron o fueron modificados a raíz del proceso y acciones emprendidas por los regímenes de la Reforma, a los que el autor culpa del empobrecimiento de la vida cultura de la ciudad de México.

Guardat en:
Dades bibliogràfiques
Autor principal: Cruz, Francisco Santiago (autor)
Format: Llibre
Idioma:espanyol
Publicat: México : Jus, 1958, c1958
Col·lecció:(Figuras y Episodios de la Historia de México ; 55)
Matèries:
Etiquetes: Afegir etiqueta
Sense etiquetes, Sigues el primer a etiquetar aquest registre!

MARC

LEADER 00000nam^a2200000^a^4500
001 000099591
005 20250521000000.0
009 20260310093134.859
037 |a Acervo ITESO - Biblioteca 
041 |a ESP 
082 |a 720. 97253203  |b CRU 
100 |a Cruz, Francisco Santiago  |e (autor) 
245 1 3 |a La piqueta de la Reforma /  |c F.S. Cruz. 
264 4 |a México :  |b Jus,  |c 1958, c1958 
300 |a 158 p. 
336 |a texto  |b txt  |2 rdacontenido 
337 |a sin mediación  |b n  |2 rdamedio 
338 |a volumen  |b nc  |2 rdasoporte 
440 1 |a (Figuras y Episodios de la Historia de México ;  |v 55) 
520 |a Descripción primordialmente arquitectónica de los principales conventos de la Ciudad de México que desaparecieron o fueron modificados a raíz del proceso y acciones emprendidas por los regímenes de la Reforma, a los que el autor culpa del empobrecimiento de la vida cultura de la ciudad de México. 
649 |a XX 
650 |a Conventos y Monasterios -  |z México (Ciudad) -  |x Historia 
650 |a Conventos y Monasterios -  |z México -  |x Historia 
650 |a Arquitectura Religiosa -  |z México (Ciudad) -  |x Historia y Crítica 
650 |a Arquitectura Religiosa -  |z México -  |x Historia y Crítica 
650 |a Arquitectura Virreinal -  |z México (Ciudad) -  |x Historia y Crítica 
650 |a Arquitectura Virreinal -  |x Historia y Crítica 
650 |a Arquitectura Mexicana -  |x Historia y Crítica 
650 |a Arte Cristiano -  |z México (Ciudad) -  |x Historia y Crítica 
650 |a Arte Cristiano -  |z México -  |x Historia y Crítica 
650 |a Arte Religioso -  |z México (Ciudad) -  |x Historia y Crítica 
650 |a Arte Religioso -  |z México -  |x Historia y Crítica 
650 |a Arte Virreinal -  |z México (Ciudad) -  |x Historia y Crítica 
650 |a Arte Virreinal -  |x Historia y Crítica 
650 |a Arte Mexicano -  |x Historia y Crítica 
650 |a Patrimonio Artístico -  |z México (Ciudad) -  |x Historia 
650 |a Patrimonio Artístico -  |z México -  |x Historia 
650 |a Patrimonio Histórico -  |z México (Ciudad) -  |x Historia 
650 |a Patrimonio Histórico -  |z México -  |x Historia 
650 |a Patrimonio Nacional -  |z México -  |x Historia 
650 |a Monasticismo y Ordenes Religiosas para Mujeres -  |z México (Ciudad) -  |x Historia 
650 |a Monasticismo y Ordenes Religiosas para Mujeres -  |z México -  |x Historia 
650 |a Monasticismo y Ordenes Religiosas -  |z México (Ciudad) -  |x Historia 
650 |a Monasticismo y Ordenes Religiosas -  |z México -  |x Historia 
650 |a Iglesia Católica en México (Ciudad) -  |x Historia 
650 |a Iglesia Católica en México -  |x Historia 
650 |a Iglesia y Estado -  |z México (Ciudad) -  |x Historia 
650 |a Iglesia y Estado -  |z México -  |x Historia 
650 |a Política y Religión -  |z México (Ciudad) -  |x Historia 
650 |a Política y Religión -  |z México -  |x Historia 
650 |a México (Ciudad) -  |x Historia -  |y Guerra de Reforma, 1858-1861 
650 |a México (Ciudad) -  |x Historia -  |y Constitución y Reforma, 1855-1863 
650 |a México (Ciudad) -  |x Historia -  |y Siglo XIX 
650 |a México -  |x Historia -  |y Guerra de Reforma, 1858-1861 
650 |a México -  |x Historia -  |y Constitución y Reforma, 1855-1863 
650 |a México -  |x Historia -  |y Siglo XIX 
910 |a Fondo Jesús Rodríguez 
920 |a Impresos - Libros 
930 |a Fondos Especiales 
905 |a 113 
901 |a 0500035509  |b IT2  |c ESP  |u 20250521 
902 |a https://opac.biblio.iteso.mx/vufind/Record/000099591